Statistics for Monday In Europe

Click here to take the quiz!

General Stats

  • This quiz has been taken 24 times
  • The average score is 8 of 10

Answer Stats

HintAnswer% Correct
MontagGerman
100%
LundiFrench
95%
LunediItalian
95%
MaandagDutch
95%
LunesSpanish
91%
PoniedzialekPolish
86%
MandagSwedish
82%
PondeliCzech
64%
MaanantaiFinnish
64%
PonedeljekSlovenian
32%

Score Distribution

Percentile by Number Answered

Percent of People with Each Score

Your Score History

You have not taken this quiz